Bands by their most famous song - Statistics

General Stats
  • This quiz has been taken 89 times
  • The average score is 12 of 20
Answer Stats
Song Band % Correct
Bohemian Rhapsody Queen
97%
Dancing queen ABBA
95%
Highway to hell AC/DC
92%
Livin' on a prayer Bon Jovi
92%
Africa TOTO
90%
Stairway to Heaven Led Zeppelin
86%
The final countdown Europe
81%
Here comes the sun The Beatles
81%
Last Christmas Wham!
73%
Jump Van Halen
72%
Paranoid Black Sabbath
65%
Wind of change Scorpions
56%
Call me Blondie
52%
Rasputin Boney M.
48%
Forever young Alphaville
37%
All that she wants Ace of Base
32%
Nothing's gonna stop us now Starship
30%
It must have been love Roxette
28%
Cheri, cheri lady Modern Talking
27%
In the army now Status Quo
13%
No matching quizzes found
Score Distribution
Percent of People with Each Score
Percentile by Number Answered
Your Score History
You have not taken this quiz